|
|
|
|
| LEADER |
00000cam a2200000 a 4500 |
| 001 |
035158 |
| 003 |
UAHC_CL |
| 005 |
20170803123831.0 |
| 008 |
071113s cl 000 por |
| 040 |
|
|
|a UAHC_CL
|c UAHC_CL
|d UAHC_CL
|
| 100 |
1 |
|
|a Barcellos, José Carlos
|
| 245 |
1 |
0 |
|a Homoerotismo e abjeção em O lugar sem limites de José Donoso /
|c José Carlos Barcellos.
|
| 500 |
|
|
|a En: Literatura y Linguistica, no. 18, 2007. pp. 135-144\ISSN 0716-5811\Modo de acceso: Internet --(Página web visitada el 13 de noviembre de 2007)
|
| 520 |
|
|
|a O lugar sem limites, romance publicado em 1966 pelo escritor chileno José Donoso, vem sendo objeto de inúmeras leituras, em geral, alegóricas. É mérito da crítica literária gay ter chamado a atenção para a possibilidade de uma leitura realista do romance, que leve a sério a condição de travesti do personagem central Manuela. Nessa linha, este ensaio recorre à idéia de abjeção para interpretar a maneira como o personagem reivindica positivamente o lugar marginal que lhe é assinalado. Nesse sentido, opõe-se a outras leituras, articuladas a partir da idéia de transgressão.
|
| 856 |
|
|
|u http://www.scielo.cl/scielo.php?script=sci_arttext&pid=S0716-58112007000100007&lng=es&nrm=iso&tlng=pt
|3 Acceso electrónico al documento
|y Acceso electrónico al documento
|
| 900 |
|
|
|a LIT. LINGUêST.-18/07
|
| 942 |
|
|
|c BK
|
| 999 |
|
|
|c 35158
|d 35158
|